Translate colors in danish- click quiz - Statistics

General Stats
  • This quiz has been taken 64 times
  • The average score is 9 of 11
Answer Stats
Hint Answer % Correct
Rød Red
95%
Grøn Green
93%
Guld Gold
91%
Grå Grey
88%
Lilla Purple
88%
Sølv Silver
88%
Blå Blue
77%
Hvid White
77%
Gul Yellow
65%
Sort Black
60%
Lyserød Pink
58%
No matching quizzes found
Score Distribution
Percent of People with Each Score
Percentile by Number Answered
Your Score History
You have not taken this quiz